000 00300nam a22001457a 4500
003 SGT
082 _a612.015
_bB17S
100 _aSATYANARAYANA, U.
245 _aBIOCHEMISTRY
250 _a5TH
260 _aINDIA
_bELSEVIER
_c2017
300 _a777
650 _aBIOCHEMISTRY
942 _2ddc
_cBK
_0398
999 _c14143
_d14143